: بزم چراغاں (Record no. 109371)

MARC details
000 -LEADER
fixed length control field 00845nam a22002537a 4500
005 - DATE AND TIME OF LATEST TRANSACTION
control field 20170123162353.0
010 ## - LIBRARY OF CONGRESS CONTROL NUMBER
LC control number B-080857
020 ## - INTERNATIONAL STANDARD BOOK NUMBER
Terms of availability 150.00
International Standard Book Number 8188378143
035 ## - SYSTEM CONTROL NUMBER
System control number B-080857
037 ## - SOURCE OF ACQUISITION
Source of stock number/acquisition Cen Lib/Ret
040 ## - CATALOGING SOURCE
Original cataloging agency DPL
Language of cataloging UR
082 ## - DEWEY DECIMAL CLASSIFICATION NUMBER
Classification number 920
Item number س ل ے
100 ## - MAIN ENTRY--PERSONAL NAME
Personal name جاوید، سلیمان اطہر
9 (RLIN) 115945
245 ## - TITLE STATEMENT
Title : بزم چراغاں
Statement of responsibility, etc سلیمان اطہر جاوید
Remainder of title / مرقّعے
246 ## - VARYING FORM OF TITLE
Title proper/short title Bazm-e- charag̲han: muraqqaʻe /
Remainder of title by Suleman Athar Javed
260 ## - PUBLICATION, DISTRIBUTION, ETC. (IMPRINT)
Place of publication, distribution, etc نی دہلی
Name of publisher, distributor, etc مکتبہ جدید
Date of publication, distribution, etc 2003
270 ## - ADDRESS
City نی دہلی
Address دریا گنج
Postal code 110002
300 ## - PHYSICAL DESCRIPTION
Extent 144p.
Dimensions 21cm(Hb)
650 ## - SUBJECT ADDED ENTRY--TOPICAL TERM
Topical term or geographic name as entry element اردو ادب
9 (RLIN) 137545
650 ## - SUBJECT ADDED ENTRY--TOPICAL TERM
Topical term or geographic name as entry element سوانح حیات
9 (RLIN) 509
650 ## - SUBJECT ADDED ENTRY--TOPICAL TERM
Topical term or geographic name as entry element Urdu Lirerature
9 (RLIN) 137546
650 ## - SUBJECT ADDED ENTRY--TOPICAL TERM
Topical term or geographic name as entry element Biography
9 (RLIN) 7490
942 ## - ADDED ENTRY ELEMENTS (KOHA)
Source of classification or shelving scheme Dewey Decimal Classification
Koha item type Urdu Bks
Classification part 920
Call number suffix س ل ے
Holdings
Withdrawn status Lost status Damaged status Not for loan Home library Current library Date acquired Source of acquisition Cost, normal purchase price Total Checkouts Full call number Barcode Date last seen Copy number Cost, replacement price Price effective from Koha item type
        Central Library Central Library 08/03/2016 Cen Lib/Ref 150.00   920 س ل ے B-080857 08/03/2016 1 150.00 08/03/2016 Urdu Bks

© Delhi Public Library
Hit Counter
free hit counter